zpět

Detail výsledku týmu

Koruna, Břeclav

Datum a čas kvízu

31 Celkem bodů Celkový počet nahraných bodů na tomto kvízu bez doplňovacích otázek.
7. Pořadí na kvízu Konečné umístění týmu na tomto kvízu.

Zaznamenané odpovědi

# Otázka Odpověď Body Výsledky
1. Ve středu do toho „praštil“ da... Lucie Šafářová, Tomáš Plekanec 1
2. V neděli se konaly volby do ně... Armin Laschet 0
3. Elon Musk plní stránky novin i... Grimes 1
4. Čínská centrální banka v pátek... kryptoměnové transakce 1
5. V minulém týdnu se konaly dva... golf, tenis 1
6. V pátém díle našeho cestovatel... Pražský kraj 1
7. Jedním z nejnavštěvovanějších... V gotickém slohu. 1
8. V tomto kraji najdeme i výběh... V Berouně. 0
9. Středočeský kraj je spojen ta... Bobeš 1
10. V tomto kraji najdeme také spo... V Dobříši. 0